000 01063cad a22001935a 4500
001 E147356
008 090501e20090303xxk 000 0 eng d
035 _a(Sirsi) u147356
041 0 _aeng
245 0 0 _aThomas Smith and Another as Trustees for Ballantyne Property Services v Norman Lawrence and Others
_bopinion
_h[electronic resource]
260 _c2008
520 _aLTS/TC/2008/18 3 March 2009. Concerned an application by the owners of a house in a modern housing estate to vary a title condition prohibiting occupation of the house by more than one family at a time, as they wished to let the house to students. The respondents opposed the application. "Held": application refused.
650 2 4 _aTHOMAS SMITH AND ANOR V NORMAN LAWRENCE AND OTHERS
650 2 4 _aTITLE CONDITIONS (SCOTLAND) ACT 2003
651 4 _aScotland
_y1999-
690 _aPlanning and development
_96259
856 4 0 _uhttps://www.lands-tribunal-scotland.org.uk/decisions/LTS.TC.2008.18.html
_zView the decision free of charge at www.lands-tribunal-scotland.org.uk...
942 _n0
999 _c81505
_d81505